000 00504cam a22002171 4500
001 sa 67004351
003 DLC
005 20260227112345.0
008 890705s1967 ii 000 1 beno
010 _asa 67004351
035 _a(OCoLC)19963477
040 _aDLC
_cWaU
_dDLC
042 _apremarc
050 0 0 _aPK1718.B6
_bP3
100 1 _aBose, Buddhadeva.
245 1 0 _aPātāla theke ālāpa.
260 _c[1967]
300 _a171 p.
_c22 cm.
500 _aIn Bengali.
500 _aA novel.
999 _c74408
_d74408